• 首页
  • 本馆介绍
  • 公告通知
  • 最新文献
  • 馆藏检索
  • 电子资源
  • 读者导购
  • 参考咨询
  • 我的图书馆
  • 登录
  • 详细信息显示
  • 放入我的书架
  • 预约/预借图书
  • 作者相关作品
  • 分类相关作品
  • 丛书相关作品
  • 出版社相关作品

书目信息

  • 表格格式
  • 工作单格式
  • 卡片格式
题名:
鱼类的爱情故事
    
 
作者: 中村幸昭 著 ;严晓雯 译
分册:  
出版信息: 上海   百家出版社  2007
页数: 203页
开本: 20cm
丛书名: 人与自然丛书
单 册:
中图分类: Q959.4
科图分类:
主题词: 鱼类--普及读物
电子资源:
ISBN: 978-7-80703-113-0
000 00910oam2 2200265 450
001 1552566626
005 20150117143653.54
010    @a978-7-80703-113-0@dCNY20.00
100    @a20070327d2007 em y0chiy50 ea
101 1  @achi@cjpn
102    @aCN@b310000
105    @ay z 000yy
200 1  @a鱼类的爱情故事@9yu lei de ai qing gu shi@f(日)中村幸昭著@g严晓雯译
210    @a上海@c百家出版社@d2007
215    @a203页@c图@d20cm
225 2  @a人与自然丛书
305    @a博达著作权代理有限公司代理版权
330    @a本书以鱼类的繁殖行为为主线,来观察鱼类的爱情生活方式。旨在通过该书的介绍,让更多的人了解鱼类世界的美妙,进而保护它们的世界。
461  0 @12001 @a人与自然丛书
606 0  @a鱼类@j普及读物
690    @aQ959.4@v5
701  0 @c(日)@a中村幸昭@9zhong cun xing zhao@f(1928~)@4著
702  0 @a严晓雯@9yan xiao wen@c(日语翻译)@4译
801  0 @aCN@bTSSF@c20150117
905    @aZUCC@dQ959.4@eJY35
    
    鱼类的爱情故事/(日)中村幸昭著/严晓雯译.-上海:百家出版社,2007
    203页:图;20cm.-(人与自然丛书)
    
    
    ISBN 978-7-80703-113-0:CNY20.00
    本书以鱼类的繁殖行为为主线,来观察鱼类的爱情生活方式。旨在通过该书的介绍,让更多的人了解鱼类世界的美妙,进而保护它们的世界。
●
相关链接 在E读中查询图书 在五车中查询图书 在当当中查询图书 在豆瓣中查询图书


正题名:鱼类的爱情故事     索取号:Q959.4/JY35         预约/预借

序号 登录号 条形码 馆藏地/架位号 状态 备注
1 7853029   278530298   学院路分馆/ [索取号:Q959.4/JY35] 在馆    
2 7853030   278530305   学院路分馆/ [索取号:Q959.4/JY35] 在馆    
唐山师范学院图书馆 欢迎您!
大连网信软件有限公司© 版权所有